[Event "Dimitrovgrad-ch op"]
[Site "Dimitrovgrad"]
[Date "2010.03.14"]
[Round "9"]
[White "Sahovski, Alexandr"]
[Black "Skulkin, Nikolay"]
[Result "0-1"]
[WhiteElo "1885"]
[BlackElo "1768"]
[PlyCount "60"]
[EventDate "2010.02.27"]
[EventType "swiss"]
[EventRounds "9"]
[EventCountry "RUS"]
[SourceTitle "EXT 2022"]
[Source "ChessBase"]
[SourceDate "2021.10.06"]
[SourceVersion "1"]
[SourceVersionDate "2021.10.06"]
[SourceQuality "1"]

1. e4 e5 2. Bc4 Nf6 3. Nc3 Bc5 4. Na4 Nxe4 5. Qe2 d5 6. Bd3 Nxf2 7. Nxc5 Nxh1 8. Qf1 Qh4+ 9. Ke2 Bg4+ 10. Nf3 Qxh2 11. Ke1 Qg3+ 12. Ke2 e4 13. Qxh1 exf3+ 14. gxf3 Qe5+ 15. Kd1 Qh5 16. Qe1+ Be6 17. Be2 0-0 18. d4 b6 19. Nd3 Nc6 20. Nf4 Qh2 21. c3 Ne7 22. b3 c6 23. Nd3 Ng6 24. Kc2 Bf5 25. Bd2 Rae8 26. Kc1 Bxd3 27. Qd1 Rxe2 28. a4 Rfe8 29. Ra2 Re1 30. Bxe1 Qxa2 0-1

[Event "Dimitrovgrad-ch op"]
[Site "Dimitrovgrad"]
[Date "2010.02.28"]
[Round "2"]
[White "Sahovski, Alexandr"]
[Black "Ulanov, Sergei"]
[Result "0-1"]
[WhiteElo "1885"]
[BlackElo "2110"]
[PlyCount "84"]
[EventDate "2010.02.27"]
[EventType "swiss"]
[EventRounds "9"]
[EventCountry "RUS"]
[SourceTitle "EXT 2022"]
[Source "ChessBase"]
[SourceDate "2021.10.06"]
[SourceVersion "1"]
[SourceVersionDate "2021.10.06"]
[SourceQuality "1"]

1. d4 d5 2. e3 Nf6 3. c4 e6 4. Nc3 Be7 5. Nf3 0-0 6. cxd5 exd5 7. Ne5 c6 8. Bd3 Re8 9. 0-0 Nbd7 10. Bc2 Nf8 11. Qd3 Bd6 12. f4 Ng4 13. e4 dxe4 14. Nxe4 Bf5 15. h3 Bxe4 16. Qxe4 Nf6 17. Qf3 Bc7 18. Be3 Nd5 19. Bf2 f6 20. Nd3 Ne6 21. Bb3 Qd6 22. g3 Bb6 23. Nc5 Nxc5 24. dxc5 Bxc5 25. Rad1 Bxf2+ 26. Rxf2 Rad8 27. Rfd2 Qc5+ 28. Qf2 Re3 29. Rd4 Qe7 30. Kf1 Re8 31. R1d2 Kf8 32. Bc2 Re1+ 33. Kg2 Ne3+ 34. Kh2 Nf1+ 35. Kg2 Nxd2 36. Rxd2 g6 37. Kf3 b6 38. Bb3 Qe4+ 39. Kg4 f5+ 40. Kg5 Qe7+ 41. Kh6 Qg7+ 42. Kg5 h6+ 0-1

[Event "Dimitrovgrad-ch"]
[Site "Dimitrovgrad"]
[Date "2009.??.??"]
[Round "3"]
[White "Bondarenko, Anton"]
[Black "Sahovski, Alexandr"]
[Result "1-0"]
[WhiteElo "1615"]
[BlackElo "1865"]
[PlyCount "41"]
[EventDate "2009.08.??"]
[EventType "swiss"]
[EventRounds "9"]
[EventCountry "RUS"]
[SourceTitle "EXT 2012"]
[Source "ChessBase"]
[SourceDate "2011.11.24"]
[SourceVersion "1"]
[SourceVersionDate "2011.11.24"]
[SourceQuality "1"]

1. e4 e6 2. Nf3 b6 3. d4 Bb7 4. Bd3 Nf6 5. Nbd2 Be7 6. 0-0 d6 7. Re1 0-0 8. c3 Nbd7 9. Nf1 c5 10. e5 dxe5 11. dxe5 Nd5 12. Qc2 h6 13. Ng3 a6 14. Re4 b5 15. Rg4 f5 16. Nxf5 exf5 17. Bxf5 Kh8 18. Rg6 Qc7 19. Bxh6 Rg8 20. Be6 Nxe5 21. Bxg7+ 1-0

[Event "Dimitrovgrad-ch"]
[Site "Dimitrovgrad"]
[Date "2009.??.??"]
[Round "2"]
[White "Sahovski, Alexandr"]
[Black "Yakimkin, Igor"]
[Result "0-1"]
[WhiteElo "1865"]
[BlackElo "2185"]
[PlyCount "82"]
[EventDate "2009.08.??"]
[EventType "swiss"]
[EventRounds "9"]
[EventCountry "RUS"]
[SourceTitle "EXT 2012"]
[Source "ChessBase"]
[SourceDate "2011.11.24"]
[SourceVersion "1"]
[SourceVersionDate "2011.11.24"]
[SourceQuality "1"]

1. b3 e5 2. Bb2 d6 3. e4 f5 4. Nc3 Nf6 5. d3 Be7 6. Be2 0-0 7. Nf3 Kh8 8. 0-0 Qe8 9. exf5 Bxf5 10. Nh4 Be6 11. g3 Bh3 12. Ng2 c6 13. f4 Nbd7 14. fxe5 Nxe5 15. Rf4 Ng6 16. Rf3 d5 17. Nf4 Nxf4 18. Rxf4 Bc5+ 19. d4 Qe3+ 20. Kh1 Bd6 21. Rf3 Qe6 22. Qd3 Rae8 23. Bf1 Bg4 24. Rf2 b5 25. a3 a5 26. Bg2 b4 27. axb4 axb4 28. Na4 Ne4 29. Rxf8+ Rxf8 30. Kg1 Nf2 31. Qd2 Nh3+ 32. Kh1 Rf2 33. Qe1 Re2 34. Qf1 Nf2+ 35. Kg1 Nh3+ 36. Kh1 Rf2 37. Qe1 Qf7 38. Nc5 Rxg2 39. Ra8+ Bf8 40. Ne6 Rg1+ 41. Qxg1 Qf3+ 0-1

[Event "Dimitrovgrad op"]
[Site "Dimitrovgrad"]
[Date "2008.08.09"]
[Round "7"]
[White "Egorova, Natalia"]
[Black "Sahovski, Alexandr"]
[Result "0-1"]
[WhiteElo "1682"]
[BlackElo "1911"]
[PlyCount "156"]
[EventDate "2008.08.05"]
[EventType "swiss"]
[EventRounds "9"]
[EventCountry "RUS"]
[SourceTitle "EXT 2022"]
[Source "ChessBase"]
[SourceDate "2021.10.06"]
[SourceVersion "1"]
[SourceVersionDate "2021.10.06"]
[SourceQuality "1"]

1. e4 e6 2. d4 b6 3. b3 Bb7 4. Bd3 f5 5. f3 Nf6 6. Bg5 Be7 7. e5 Nd5 8. Bxe7 Qxe7 9. Qd2 Qh4+ 10. Qf2 Qg5 11. Ne2 Nc6 12. a3 0-0 13. Nbc3 Nxc3 14. Nxc3 a6 15. 0-0 Qf4 16. Ne2 Qg5 17. Rad1 Qe7 18. Ra1 Rad8 19. Rfe1 b5 20. f4 Kh8 21. Qe3 Rg8 22. Kf2 g6 23. g3 Rg7 24. Ng1 g5 25. fxg5 Rxg5 26. Nf3 Rg7 27. Rg1 Rf8 28. b4 d6 29. exd6 cxd6 30. Rae1 Nd8 31. c4 bxc4 32. Bxc4 d5 33. Bd3 Rg4 34. Qe5+ Kg8 35. h3 Rg7 36. Qf4 Nf7 37. Bxf5 Nd8 38. Qe5 Rxf5 39. Qxf5 exf5 40. Rxe7 Rxe7 41. Nd2 Nc6 42. Nb3 Kf7 43. Re1 Rxe1 44. Kxe1 Kg6 45. Kf2 Bc8 46. h4 Na7 47. a4 Kf6 48. Ke3 h6 49. Nc5 Ke7 50. Nd3 Kd6 51. Ne5 Be6 52. Kf4 Nc8 53. g4 fxg4 54. Nxg4 h5 55. Nf6 Bf7 56. Kg5 Ne7 57. Nxh5 Bxh5 58. Kxh5 Nf5 59. Kg5 Nxd4 60. h5 Ne6+ 61. Kf6 Nf8 62. Kg7 Ke7 63. b5 axb5 64. axb5 Ne6+ 65. Kg8 d4 66. b6 Kd7 67. Kf7 d3 68. h6 d2 69. b7 Nd8+ 70. Kg7 Nxb7 71. h7 d1Q 72. h8Q Nd8 73. Qh3+ Ne6+ 74. Kf7 Qd5 75. Qg4 Qh1 76. Qg6 Qh3 77. Qf6 Qh7+ 78. Qg7 Qxg7# 0-1

[Event "Dimitrovgrad op"]
[Site "Dimitrovgrad"]
[Date "2008.08.07"]
[Round "4"]
[White "Sahovski, Alexandr"]
[Black "Rudnev, Yuri"]
[Result "0-1"]
[WhiteElo "1911"]
[BlackElo "2186"]
[PlyCount "128"]
[EventDate "2008.08.05"]
[EventType "swiss"]
[EventRounds "9"]
[EventCountry "RUS"]
[SourceTitle "EXT 2022"]
[Source "ChessBase"]
[SourceDate "2021.10.06"]
[SourceVersion "1"]
[SourceVersionDate "2021.10.06"]
[SourceQuality "1"]

1. d4 d5 2. Nc3 Nf6 3. e3 e6 4. Nf3 c5 5. Be2 Nc6 6. 0-0 Be7 7. Na4 c4 8. b3 b5 9. Nc3 a6 10. a3 0-0 11. Bb2 Rb8 12. b4 a5 13. bxa5 Qxa5 14. Nb1 Ra8 15. c3 Bb7 16. Qc2 Bd6 17. Nbd2 Qc7 18. h3 Qe7 19. Nb1 Ra4 20. Bd1 Rfa8 21. Qc1 R4a7 22. Bc2 b4 23. cxb4 Nxb4 24. Ne1 Nxc2 25. Nxc2 Ne4 26. f3 Ng3 27. Rf2 Bc6 28. Nc3 Bc7 29. Nb4 Be8 30. f4 Ba5 31. Nba2 Bc7 32. Kh2 Nf5 33. Nb4 Bd6 34. Nc2 h5 35. e4 dxe4 36. Nxe4 Bc7 37. Ne3 Nxe3 38. Qxe3 Bc6 39. Nc3 Bd6 40. Qc1 Bxa3 41. Bxa3 Rxa3 42. Rxa3 Qxa3 43. Rb2 Qd6 44. Rb6 Qc7 45. Rb4 Bb7 46. Qf1 Ba6 47. Ra4 Qc6 48. Qe2 Rd8 49. Qa2 Rd6 50. Ra5 f5 51. Ra4 Qb7 52. Qa3 Rb6 53. Nd1 Qc6 54. Nc3 Bb7 55. Qa2 Rb3 56. Nb1 Rxb1 57. Rxc4 Qb6 58. Rc2 Rb4 59. Rd2 Qd6 60. g3 Qd5 61. Qa1 h4 62. Qg1 Qf3 63. Rg2 hxg3+ 64. Rxg3 Rb2+ 0-1

[Event "Dimitrovgrad Petrosian Memorial op"]
[Site "Dimitrovgrad"]
[Date "2008.06.09"]
[Round "8"]
[White "Umanski, Anatoli"]
[Black "Sahovski, Alexandr"]
[Result "0-1"]
[WhiteElo "1862"]
[BlackElo "1889"]
[PlyCount "116"]
[EventDate "2008.06.01"]
[EventType "swiss"]
[EventRounds "9"]
[EventCountry "RUS"]
[SourceTitle "CBM 124 Extra"]
[Source "ChessBase"]
[SourceDate "2008.07.03"]
[SourceVersion "1"]
[SourceVersionDate "2008.07.03"]
[SourceQuality "1"]

1. c4 b6 2. Nf3 Bb7 3. Nc3 Nf6 4. g3 e6 5. Bg2 Be7 6. d3 Nc6 7. 0-0 0-0 8. d4 d6 9. a3 Rb8 10. e4 a6 11. h3 Na5 12. Nd2 Nc6 13. Ne2 Nd7 14. b3 f5 15. d5 exd5 16. exd5 Nce5 17. Nf4 Qc8 18. Ne6 Rf7 19. Nf3 Bf6 20. Rb1 Nf8 21. Neg5 Nxf3+ 22. Qxf3 Re7 23. h4 Qd7 24. Bd2 Rbe8 25. Rbe1 Bc8 26. Rxe7 Rxe7 27. Nh3 Ng6 28. Re1 Rxe1+ 29. Bxe1 Qe7 30. Bd2 Qe5 31. Qd1 Qd4 32. Bf1 Be5 33. Kg2 f4 34. Be2 Bxh3+ 35. Kxh3 Qxf2 36. Qe1 Qd4 37. h5 Nf8 38. gxf4 Bxf4 39. Bxf4 Qxf4 40. Bg4 Qf7 41. b4 g6 42. Qg1 Qf6 43. Qg3 Qf1+ 44. Kh2 Qxc4 45. Qf3 gxh5 46. Bxh5 Qh4+ 47. Kg1 Qg5+ 48. Kf1 Ng6 49. Bg4 Ne5 50. Be6+ Kg7 51. Qc3 Qf6+ 52. Kg2 Qg5+ 53. Kf1 Qe7 54. Qg3+ Ng6 55. Qc3+ Qf6+ 56. Qxf6+ Kxf6 57. Bc8 a5 58. bxa5 bxa5 0-1

[Event "Dimitrovgrad Petrosian Memorial op"]
[Site "Dimitrovgrad"]
[Date "2008.06.05"]
[Round "4"]
[White "Abramov, Pavel"]
[Black "Sahovski, Alexandr"]
[Result "1-0"]
[WhiteElo "2052"]
[BlackElo "1889"]
[PlyCount "81"]
[EventDate "2008.06.01"]
[EventType "swiss"]
[EventRounds "9"]
[EventCountry "RUS"]
[SourceTitle "CBM 124 Extra"]
[Source "ChessBase"]
[SourceDate "2008.07.03"]
[SourceVersion "1"]
[SourceVersionDate "2008.07.03"]
[SourceQuality "1"]

1. d4 d5 2. c4 c6 3. Nf3 Nf6 4. Nc3 dxc4 5. a4 Nd5 6. e4 Nxc3 7. bxc3 b5 8. Ba3 g6 9. Be2 Nd7 10. d5 Nb6 11. Nd4 cxd5 12. exd5 Bg7 13. 0-0 Bb7 14. d6 exd6 15. Nxb5 0-0 16. Bxd6 Qg5 17. Bf3 Bxf3 18. Qxf3 Rfd8 19. Rfe1 Qd5 20. Qg3 Qc6 21. Be5 Rd3 22. Re3 Rxe3 23. fxe3 Bxe5 24. Qxe5 Re8 25. Nxa7 Qxg2+ 26. Kxg2 Rxe5 27. a5 Nd5 28. Nc6 Re6 29. e4 Nc7 30. Nb4 Nb5 31. a6 Na7 32. Rd1 Re7 33. Rd8+ Kg7 34. Rb8 Rxe4 35. Rb7 Nc8 36. Rc7 Nb6 37. a7 Re8 38. Rb7 Na8 39. Rb8 Kf8 40. Nd5 f5 41. Nf6 1-0